Sharjah Art Foundation Library

Asian Britain: (Record no. 6083)

MARC details
000 -LEADER
fixed length control field 00922nam a2200229Ia 4500
001 - CONTROL NUMBER
control field 6083
008 - FIXED-LENGTH DATA ELEMENTS--GENERAL INFORMATION
fixed length control field 251106s9999 xx 000 0 und d
020 ## - INTERNATIONAL STANDARD BOOK NUMBER
International Standard Book Number 9781908906113
245 #0 - TITLE STATEMENT
Title Asian Britain:
Remainder of title A Photographic History
Statement of responsibility, etc. Susheila Nasta; Florian Stadtler; Razia Iqbal (Preface)
260 ## - PUBLICATION, DISTRIBUTION, ETC.
Place of publication, distribution, etc. UK;
Name of publisher, distributor, etc. The Westbourne Press;
Date of publication, distribution, etc. 2013
300 ## - PHYSICAL DESCRIPTION
Extent 320p;
Dimensions 27x22cm
520 ## - SUMMARY, ETC.
Summary, etc. This extraordinary photographic history draws upon culture, film, music, the military, business, the suffragist movement and the different phases of historic settlement of Asian migrants from the subcontinent, the Caribbean and East Africa. (Goodreads)
546 ## - LANGUAGE NOTE
Language note English
650 ## - SUBJECT ADDED ENTRY--TOPICAL TERM
Topical term or geographic name entry element Diaspora- Asian
9 (RLIN) 8672
650 ## - SUBJECT ADDED ENTRY--TOPICAL TERM
Topical term or geographic name entry element TR624-835 Technology- Applied Photography
651 ## - SUBJECT ADDED ENTRY--GEOGRAPHIC NAME
Geographic name Britain
655 ## - INDEX TERM--GENRE/FORM
Genre/form data or focus term Study
9 (RLIN) 8673
700 ## - ADDED ENTRY--PERSONAL NAME
Personal name Iqbal, Razia
9 (RLIN) 8674
700 ## - ADDED ENTRY--PERSONAL NAME
Personal name Nasta, Susheila
9 (RLIN) 8675
700 ## - ADDED ENTRY--PERSONAL NAME
Personal name Stadtler, Florian
9 (RLIN) 8676
942 ## - ADDED ENTRY ELEMENTS (KOHA)
Koha item type Book
Holdings
Withdrawn status Lost status Damaged status Not for loan Collection Home library Current library Date acquired Total Checkouts Full call number Barcode Date last seen Price effective from Koha item type
        Technology- Photography, Cinematography, Electronic Media SAF Reference Library Photography Gallery 11/06/2025   TR624-835 17.258 6083 11/06/2025 11/06/2025 Book

Copyright © 2022. Sharjah Art Foundation. All Rights Reserved.